| 000 | 00624nam a2200181Ia 4500 | ||
|---|---|---|---|
| 008 | 100921s9999 xx 000 0 und d | ||
| 082 |
_b17079 _a891.46108 थ 76 |
||
| 100 | _aमाडगूळकर ग.दि. | ||
| 245 | _aगीत रामायण. | ||
| 260 |
_bगव्हरमेंट ऑफ इंडिया. _c1976 |
||
| 300 |
_a183 _b--- |
||
| 365 | _b5 | ||
| 520 | _aललित-काव्य-प्रसंगिक. | ||
| 630 | _aगीत रामायण. | ||
| 650 | _aललित-काव्य-प्रसंगिक. | ||
| 730 | _aगीत रामायण. | ||
| 942 | _cBOOK | ||
| 999 |
_c766192 _d766189 |
||